LEADER 00865nam0-22003131--450- 001 990008249610403321 005 20051221123141.0 035 $a000824961 035 $aFED01000824961 035 $a(Aleph)000824961FED01 035 $a000824961 100 $a20051221d1992----km-y0itay50------ba 101 0 $aita 102 $aIT 105 $a--------001yy 200 1 $aCodice per le autonomie locali$eaggiornato alla l. 23 ottobre 1992, n. 421 210 $aRimini$cMaggioli$d1992 215 $a1464 p.$d17 cm 225 1 $a<>codici Maggioli$v29 676 $a342.450902632$v19$zita 702 1$aVandelli,$bLuciano 710 01$aItalia$0423419 801 0$aIT$bUNINA$gRICA$2UNIMARC 901 $aBK 912 $a990008249610403321 952 $aVI Z 430$b1992$fDDA 959 $aDDA 996 $aCodice per le autonomie locali$9742846 997 $aUNINA LEADER 01292nam--2200409---450- 001 990001871770203316 005 20091022150908.0 010 $a0-231-13237-9 035 $a000187177 035 $aUSA01000187177 035 $a(ALEPH)000187177USA01 035 $a000187177 100 $a20040723d2004----km-y0itaa50------ba 101 $aeng 102 $aUS 105 $ay|||z|||001yy 200 1 $a<> India-China relationship$ewhat the United States needs to Know$fFrancine R.Frankel and Harry Harding, 210 $aNew York$cColumbia University Press$d2004 215 $aXIII, 377 p.$d377 p. 410 0$12001 454 1$12001 461 1$1001-------$12001 607 0 $aIndia$xRelazioni con la Cina 607 0 $aCina$xRelazioni con l'India 676 $a327.51054 700 1$aFRANKEL,$bFrancine R.$0123818 701 1$aHARDING,$bHarry$0288406 801 0$aIT$bsalbc$gISBD 912 $a990001871770203316 951 $aXXIII.2.D. 148 (IG VIII 10 ING 759)$b42619 G.$cXXIII.2.D. 148 (IG VIII 10 ING)$d00136802 959 $aBK 969 $aGIU 979 $aACQUISTI$b10$c20040723$lUSA01$h1009 979 $aFIORELLA$b90$c20041216$lUSA01$h0955 979 $aRSIAV4$b90$c20091022$lUSA01$h1509 996 $aIndia-China relationship$9954874 997 $aUNISA